LEADER 01144nam0 22002651i 450 001 UON00434311 005 20231205104921.452 100 $a20131210d1983 |0itac50 ba 101 $ager 102 $aAT 105 $a|||| 1|||| 200 1 $aÖsterreichische Nationalbibliothek$eJahresbericht 1982$fGeneraldirektion der Österreichischer Nationalbibliothek$bHerausgegeber] 210 $aWien$cÖsterreichische Nationalbibliothek$d1983 215 $aX, 188 p.$d29 cm. 606 $aBIBLIOTECHE$xAustria$3UONC084934$2FI 620 $aAT$dWien$3UONL003140 676 $a027.44$cBIBLIOTECHE PUBBLICHE IN EUROPA$v21 712 02$aGeneraldirektion der Österreichischer Nationalbibliothek$3UONV219517 712 $aOsterreichische Nationalbibliothek$3UONV252877$4650 801 $aIT$bSOL$c20240220$gRICA 899 $aSIBA - SISTEMA BIBLIOTECARIO DI ATENEO$2UONSI 912 $aUON00434311 950 $aSIBA - SISTEMA BIBLIOTECARIO DI ATENEO$dSI TED 0 OST 01 $eSI LO 28330 5 01 $sBuono 996 $aÖsterreichische Nationalbibliothek$91259301 997 $aUNIOR